Statistics for Top Vodka Country Exporters

Click here to take the quiz!

General Stats

  • This quiz has been taken 617 times
  • The average score is 12 of 15

Answer Stats

HintAnswer% Correct
213 million (8.1%)Russia
99%
212.9 million (8.1%)UK
97%
176.3 million (6.7%)Poland
93%
69.2 million (2.6%)USA
93%
$550.3 million (21% of total vodka exports)Sweden
91%
57 million (2.2%)Ukraine
91%
132.1 million (5%)Germany
90%
87.4 million (3.3%)Finland
89%
523.7 million (20%)France
88%
48.4 million (1.8%)Belarus
80%
44.1 million (1.7%)Italy
71%
88.5 million (3.4%)Latvia
64%
147.3 million (5.5%)Netherlands
60%
17.2 million (0.7%)Moldova
39%
40 million (1.5%)Singapore
7%

Score Distribution

Percentile by Number Answered

Percent of People with Each Score

Your Score History

You have not taken this quiz